000
00319nam a22001457a 4500
008
210303b ||||| |||| 00| 0 eng d
020
_a
9780323016285
041
_a
eng
080
_2
5th
_a
611
082
_a
611
100
_a
6
101
_a
ANA
245
_a
Anatomy & Physiology
_c
Thibodeau, G. A
942
_2
udc
_c
BK
999
_c
55664
_d
55664